Sledovanie HBsAg-pozitívnych gravidných žien

Bibliographic Details
Main Authors: Pellová, Alžbeta (Author), Schréter, Ivan, 1949- (Author)
Format: Article
Language:Slovak
PhysicalDescription:Tab. 1, res. angl., lit. 15 zázn. v angl., češ., nem., slov.
ISBN:8021704306
Subjects:

MARC

LEADER 00000nab a2200000 a 4500
001 vtls000589374
003 SK-MaSNL
005 20260304175131.0
008 220422c1992 xo 0 slo
015 |a SNBRA19rr/mm-uuuuu 
035 |a CL0589513 
040 |a SNKBUCL  |b slo  |c SNKBUCL  |e AACR2 
041 0 |a slo 
044 |a xo  |c SK 
080 |a 616.36-002-084:618.3  |2 1981 
080 |a 618.3  |2 1981 
100 1 |a Pellová, Alžbeta  |4 aut  |9 540747 
245 1 0 |a Sledovanie HBsAg-pozitívnych gravidných žien  |c Alžbeta Pellová, Ivan Schréter 
300 |b Tab. 1, res. angl., lit. 15 zázn. v angl., češ., nem., slov. 
650 0 7 |a vírusová hepatitída  |2 snkbucl  |9 92387 
650 0 7 |a tehotenstvo  |2 snkbucl  |9 2477 
655 7 |a články zo zborníkov  |2 snkbucl  |9 166140 
700 1 |a Schréter, Ivan,  |d 1949-  |4 aut  |9 199518 
773 0 |t Folia Facultatis medicae Universitatis Šafarikianae Cassoviensis 49  |d Martin : Osveta, 1992  |g S. 153-156  |z 8021704306 
850 |a Slovenská národná knižnica v Martine  |a MTA001 
852 |a SNK  |b KIS3GCP 
958 |a NB 
958 |a RK 
958 |a ME 
992 |a RZB 
999 |c 3012113  |d 3014043